Lavigerie, der Islam und die Muslime
| Main Author: | |
|---|---|
| Format: | Print Article |
| Language: | German |
| Check availability: | HBZ Gateway |
| Interlibrary Loan: | Interlibrary Loan for the Fachinformationsdienste (Specialized Information Services in Germany) |
| Published: |
1992
|
| In: |
Beiträge zum Gespräch zwischen Christen und Muslimen
Year: 1992, Pages: 119-125 |
| Further subjects: | B
Islam
B Holy See (motif) B Jahrhundert, 19 B Biography B mission / world mission B Catholic Church B Mission (international law / Weltmission B century, 19th |
MARC
| LEADER | 00000caa a22000002c 4500 | ||
|---|---|---|---|
| 001 | 597074968 | ||
| 003 | DE-627 | ||
| 005 | 20221017165514.0 | ||
| 007 | tu | ||
| 008 | 090404s1992 xx ||||| 00| ||ger c | ||
| 035 | |a (DE-627)597074968 | ||
| 035 | |a (DE-599)GBV597074968 | ||
| 040 | |a DE-627 |b ger |c DE-627 |e rakwb | ||
| 041 | |a ger | ||
| 084 | |a 0 |2 ssgn | ||
| 100 | 1 | |a Maurier, Henri |4 aut | |
| 245 | 1 | 0 | |a Lavigerie, der Islam und die Muslime |c Henri Maurier |
| 264 | 1 | |c 1992 | |
| 336 | |a Text |b txt |2 rdacontent | ||
| 337 | |a ohne Hilfsmittel zu benutzen |b n |2 rdamedia | ||
| 338 | |a Band |b nc |2 rdacarrier | ||
| 650 | 4 | |a Mission/Weltmission | |
| 650 | 4 | |a Islam | |
| 650 | 4 | |a Katholische Kirche | |
| 650 | 4 | |a Jahrhundert, 19 | |
| 650 | 4 | |a mission/world mission | |
| 650 | 4 | |a Catholic Church | |
| 650 | 4 | |a Biography | |
| 650 | 4 | |a century, 19th | |
| 655 | 7 | |a Biografie |0 (DE-588)4006804-3 |0 (DE-627)104213493 |0 (DE-576)208867147 |2 gnd-content | |
| 773 | 0 | 8 | |i In |t Beiträge zum Gespräch zwischen Christen und Muslimen |d Frankfurt, M. : CIBEDO, 1987 |g 6 (1992), S. 119-125 |w (DE-627)165814799 |w (DE-600)19932-1 |w (DE-576)017931622 |x 0932-3945 |7 nnas |
| 773 | 1 | 8 | |g year:1992 |g pages:119-125 |
| 951 | |a AR | ||
| ELC | |b 1 | ||
| ITA | |a 1 |t 1 | ||
| ORI | |a SA-MARC-ixtheo_oa001.raw | ||
| REL | |a 1 | ||
| STA | 0 | 0 | |a Holy See (motif),Catholic church,Catholic Church,Catholic Church,Former pilgrimage church Saint Ottilia,Islam,Islam |
| STB | 0 | 0 | |a Islam,Islam,Saint-Siège (motif),Église catholique,Église catholique |
| STC | 0 | 0 | |a Islam,Islam,Movimiento juvenil católico |
| STD | 0 | 0 | |a Chiesa cattolica,Islam,Islam |
| STE | 0 | 0 | |a 伊斯兰教,伊斯兰教,回教,回教,天主教会,罗马公教 |
| STF | 0 | 0 | |a 伊斯蘭教,伊斯蘭教,回教,回教,天主教會,羅馬公教 |
| STG | 0 | 0 | |a Igreja católica,Islã,Islã |
| STH | 0 | 0 | |a Ислам (мотив),Ислам,Католическая церковь (мотив) |
| STI | 0 | 0 | |a Ισλάμ (μοτίβο),Ισλάμ,Καθολική Εκκλησία (μοτίβο) |
| SUB | |a REL | ||
| SYE | 0 | 0 | |a Islam , Katolikus Egyház,RCC,Katoličeskaj Cerkovʹ,Katoličke Cerkve,Katolska Cyrkej,Katolske Kirke,Ecclesia Catholica,Igreja Católica,Römisch-Katholische Kirche,Katholikē Ekklēsia,Catholic Church,Roman Catholic Church,Eglise Catholique,Eglise Catholique Romaine,Chiesa Cattolica,Katholieke Kerk,Iglesia Católica,Katolické Církve,Kościoł Katolicki,Katoličke Crkve,Eglise catholique romaine,Chiesa cattolica romana,Roman catholic Church,Eglise catholique,Römische Kirche , Eglise catholique,Roman Catholic Church,Catholic Church , Ehemalige Wallfahrtskirche Sankt Ottilia |



